Conduct a thermal analysis of the cooling process of copper wires of the stator of an automotive electric motor

Salvato in:
Dettagli Bibliografici
Autore principale: Voloshyna, Iryna (Autore)
Altri autori: Magdolen, Ľuboš (Relatore della tesi)
Natura: Manoscritto Libro
Lingua:slovacco
inglese
Pubblicazione: 2025
Soggetti:
Accesso online:http://is.stuba.sk/zp/portal_zp.pl?podrobnosti=185968
Tags: Aggiungi Tag
Nessun Tag, puoi essere il primo ad aggiungerne!!

MARC

LEADER 00000ntm a22000003a 4500
001 stuzp106328
003 SK-STU
005 20250621210702.8
007 ta
008 150427s2015----xo-----f-mn---000-0-slo-d
040 |a STU  |b slo 
041 0 |a eng 
100 1 |a Voloshyna, Iryna  |u 020030  |4 aut  |U SjF Strojnícka fakulta  |T SjF Ústav automobilového inžinierstva a konštruovania  |X 119377  |U J0030  |Y 806  |7 119377 
242 0 1 |a Tepelná analýza procesu chladenia medených drôtov statora automobilového elektromotora  |y slo 
245 1 0 |a Conduct a thermal analysis of the cooling process of copper wires of the stator of an automotive electric motor 
260 |c 2025 
650 4 |a stator  |2 slo 
650 4 |a tepelná analýza  |2 slo 
650 4 |a elektromotor  |2 slo 
650 4 |a 3D model  |2 slo 
650 4 |a electrical motor  |2 eng 
650 4 |a thermal analysis  |2 eng 
650 4 |a 3D model  |2 eng 
650 4 |a stator  |2 eng 
700 1 |a Magdolen, Ľuboš  |u 020030  |k Z1  |4 ths  |U SjF Strojnícka fakulta  |T SjF Ústav automobilového inžinierstva a konštruovania  |X 2362  |U J0030  |Y 806  |7 A00002362 
856 4 |u http://is.stuba.sk/zp/portal_zp.pl?podrobnosti=185968